[Event "Druzynowe Mistrzostwa Polski Ekstraliga"]
[Site "Gorzow Wlkp. - Wroclaw - Katowice"]
[Date "1899-12-30"]
[Round "6.9"]
[White "Areshchenko, Alexander"]
[Black "Olszewski, Michal"]
[Result "1-0"]
[WhiteTitle "GM"]
[BlackTitle "GM"]
[WhiteElo "2677"]
[BlackElo "2551"]

1. e4 c5 2. Nf3 d6 3. d4 cxd4 4. Nxd4 Nf6 5. Nc3 a6 6. h3 e6 7. g4 Be7 8. g5 Nfd7
9. h4 Nc6 10. Be3 Qc7 11. f4 b5 12. Nxc6 Qxc6 13. Qd4 O-O 14. h5 Re8 15. O-O-O
Bf8 16. g6 fxg6 17. hxg6 h6 18. Bh3 Bb7 19. f5 exf5 20. Bxf5 Ne5 21. Nd5 Bc8 22.
Bxh6 gxh6 23. Nf6+ Kg7 24. Nxe8+ Qxe8 25. Qd2 Kf6 26. g7 Kxg7 27. Qxh6+ Kf7 28.
Qh5+ Ke7 29. Qg5+ 1-0

[Event "Druzynowe Mistrzostwa Polski Ekstraliga"]
[Site "Gorzow Wlkp. - Wroclaw - Katowice"]
[Date "1899-12-30"]
[Round "6.10"]
[White "Warakomski, Tomasz"]
[Black "Miton, Kamil"]
[Result "1/2-1/2"]
[WhiteTitle "GM"]
[BlackTitle "GM"]
[WhiteElo "2511"]
[BlackElo "2618"]

1. e4 e5 2. Nf3 Nc6 3. Bc4 Bc5 4. c3 Nf6 5. d3 d6 6. O-O O-O 7. a4 a6 8. Re1 Ne7
9. d4 Ba7 10. h3 exd4 11. cxd4 d5 12. exd5 h6 13. Ra3 Nfxd5 14. Ne5 Nf5 15. Rf3
c6 16. Nc3 Be6 17. Nxf7 Bxf7 18. Rxf5 Nxc3 19. Bxf7+ Rxf7 20. Qb3 Nd5 21. Rxf7
Kxf7 22. Qxb7+ Kg8 23. Qxc6 Nf6 24. Qxa6 Bxd4 25. Qe6+ Kh8 26. b3 Qa5 27. Re2
Qc5 28. Bd2 Re8 29. Qa6 Rxe2 30. Qxe2 Qc2 31. Qe1 Qxb3 32. a5 Qd3 33. Qc1 Kh7
34. Be3 Bxe3 35. Qxe3 Qd1+ 36. Kh2 Qd6+ 37. g3 Qa6 38. Qc5 Kg6 39. Qc2+ Kf7 40.
Qc7+ Kf8 41. Qc5+ Ke8 42. Qe5+ Kd7 43. Qf5+ Kd8 44. Qc5 Ke8 45. Qe5+ Kd8 46. Qc5
Ke8 1/2-1/2

[Event "Druzynowe Mistrzostwa Polski Ekstraliga"]
[Site "Gorzow Wlkp. - Wroclaw - Katowice"]
[Date "1899-12-30"]
[Round "6.11"]
[White "Socko, Bartosz"]
[Black "Szelag, Marcin"]
[Result "1-0"]
[WhiteTitle "GM"]
[BlackTitle "IM"]
[WhiteElo "2583"]
[BlackElo "2466"]

1. d4 Nf6 2. c4 g6 3. Nf3 Bg7 4. g3 d5 5. Bg2 dxc4 6. O-O O-O 7. Na3 Na6 8. Nxc4
c5 9. b3 Bf5 10. Bb2 Be4 11. Ncd2 Bd5 12. Qb1 cxd4 13. Bxd4 Bc6 14. Rd1 Nc7 15.
Nc4 Qc8 16. Qb2 b6 17. Rac1 Qb7 18. Nd6 exd6 19. Bxf6 Bxf6 20. Qxf6 Ne6 21. Rxd6
Be4 22. Rxe6 fxe6 23. Qxe6+ Rf7 24. Ng5 Bxg2 25. Nxf7 Bd5 26. Nh6+ Kg7 27. Qe5+
Kxh6 28. Rc7 Rc8 29. Qe3+ Kh5 30. Rxb7 Bxb7 31. f3 1-0

[Event "Druzynowe Mistrzostwa Polski Ekstraliga"]
[Site "Gorzow Wlkp. - Wroclaw - Katowice"]
[Date "1899-12-30"]
[Round "6.12"]
[White "Warakomska, Anna"]
[Black "Socko, Monika"]
[Result "0-1"]
[WhiteTitle "WIM"]
[BlackTitle "GM"]
[WhiteElo "2273"]
[BlackElo "2481"]

1. e4 c6 2. d4 d5 3. e5 Bf5 4. Nf3 e6 5. Be2 c5 6. Be3 cxd4 7. Nxd4 Ne7 8. O-O
Nbc6 9. Bb5 a6 10. Bxc6+ Nxc6 11. Nxf5 exf5 12. f4 Be7 13. Nd2 d4 14. Bf2 Qd5
15. Nb3 Rd8 16. Qd3 Qe4 17. Rad1 Qxf4 18. Bxd4 Qe4 19. Rxf5 Qxd3 20. Rxd3 O-O
21. Bc3 Rxd3 22. cxd3 Rd8 23. d4 b5 24. a3 Rd5 25. Kf2 f6 26. Ke3 Kf7 27. Rf1
Ke6 28. exf6 gxf6 29. g4 Rg5 30. h3 h5 31. Rf4 hxg4 32. hxg4 Bd6 33. Re4+ Kd5
34. Nd2 a5 35. Nf3 Rg8 36. Be1 b4 37. axb4 axb4 38. Bh4 Na5 39. Nd2 Rh8 40. Bf2
Nb3 41. Nf3 Rh3 42. Be1 Na5 43. Re8 Nc4+ 44. Ke2 Nxb2 45. Rd8 Nd3 46. Kxd3 Rxf3+
47. Kc2 Ke6 48. Re8+ Kd7 49. Re2 Rf4 50. Rf2 Re4 51. Bd2 Rxd4 52. Rxf6 b3+ 53.
Kc3 Be5 54. Rf5 Ke6 55. Kxb3 Rxd2 56. Rf8 Rg2 57. Re8+ Kd5 58. Rd8+ Ke4 59. Re8
Rxg4 60. Rd8 Rg1 61. Kc2 Bd4 62. Re8+ Kd5 63. Rd8+ Kc4 64. Rc8+ Bc5 65. Kd2 Rg2+
66. Ke1 Kd4 67. Kf1 Rc2 68. Re8 Kd3 69. Rd8+ Bd4 70. Ra8 Rf2+ 71. Ke1 Rf5 72.
Rd8 Rf7 73. Rd6 Re7+ 74. Kd1 Rf7 75. Re6 Rf2 76. Re8 Rh2 77. Re6 Rd2+ 78. Ke1
Rg2 79. Kd1 Ra2 80. Rc6 Rd2+ 81. Ke1 Rg2 0-1

[Event "Druzynowe Mistrzostwa Polski Ekstraliga"]
[Site "Gorzow Wlkp. - Wroclaw - Katowice"]
[Date "1899-12-30"]
[Round "6.13"]
[White "Lupulescu, Constantin"]
[Black "Jakubowski, Krzysztof"]
[Result "1-0"]
[WhiteTitle "GM"]
[BlackTitle "GM"]
[WhiteElo "2631"]
[BlackElo "2530"]

1. d4 d5 2. Nf3 Nf6 3. c4 e6 4. Nc3 Nbd7 5. Qc2 dxc4 6. e4 Nb6 7. Be3 Bb4 8. a4
a5 9. Ne5 O-O 10. f3 Bd7 11. Bxc4 Nxc4 12. Nxc4 Ne8 13. O-O Nd6 14. Ne5 f5 15.
Na2 Be8 16. Nxb4 axb4 17. b3 fxe4 18. fxe4 Rxf1+ 19. Rxf1 b5 20. a5 h6 21. Nc6
Qd7 22. d5 exd5 23. exd5 Bf7 24. Qd3 Qe8 25. Bc5 Kh8 26. Bxb4 Bg6 27. Qd4 Bc2
28. Bc3 Qg8 29. Ne7 Qh7 30. Qf4 1-0

[Event "Druzynowe Mistrzostwa Polski Ekstraliga"]
[Site "Gorzow Wlkp. - Wroclaw - Katowice"]
[Date "1899-12-30"]
[Round "6.14"]
[White "Krzyzanowski, Marcin"]
[Black "Vovk, Yuri"]
[Result "0-1"]
[WhiteTitle "IM"]
[BlackTitle "GM"]
[WhiteElo "2457"]
[BlackElo "2600"]

1. e4 c5 2. Nf3 Nc6 3. Bb5 g6 4. Bxc6 bxc6 5. O-O Bg7 6. e5 f6 7. Re1 fxe5 8. Nxe5
d6 9. Nc4 Nh6 10. d4 cxd4 11. Bxh6 Bxh6 12. Qxd4 O-O 13. Qh4 Bg7 14. Nc3 Bf6 15.
Qh6 Ba6 16. Ne3 Rb8 17. Ne4 Bg7 18. Qh4 h6 19. Rad1 Rxb2 20. Nc5 Bc8 21. Nd3 Rb6
22. Nc4 g5 23. Qg3 Rb5 24. Qe3 Rf7 25. Nde5 Qc7 26. Nxf7 Kxf7 27. h4 Bf6 28. hxg5
Rxg5 29. f4 Rg8 30. Rf1 Bf5 31. Qb3 Kf8 32. Ne3 Be4 33. Qc4 d5 34. Rxd5 Rxg2+
35. Nxg2 Bxd5 36. Qc5 Qd7 37. Rd1 Qe6 38. Ne3 Bh4 39. c4 Qg8+ 40. Kf1 Qg3 41.
Ke2 Bf3+ 42. Kd2 Bf6 43. Nc2 Qg2+ 44. Kc1 Bxd1 45. Kxd1 Qf3+ 46. Kc1 Qxf4+ 0-1

[Event "Druzynowe Mistrzostwa Polski Ekstraliga"]
[Site "Gorzow Wlkp. - Wroclaw - Katowice"]
[Date "1899-12-30"]
[Round "6.15"]
[White "Kolosowski, Mateusz"]
[Black "Stryjecki, Marek"]
[Result "1-0"]
[WhiteTitle "IM"]
[BlackTitle "IM"]
[WhiteElo "2421"]
[BlackElo "2421"]

1. d4 g6 2. c4 Bg7 3. e4 d6 4. Nc3 e5 5. Nge2 Nc6 6. Be3 exd4 7. Nxd4 Nge7 8. h4
h5 9. Qd2 O-O 10. O-O-O Nxd4 11. Bxd4 Bxd4 12. Qxd4 Nc6 13. Qe3 Be6 14. Be2 Qf6
15. f4 Rae8 16. g3 Qg7 17. c5 f5 18. cxd6 fxe4 19. Kb1 Bf5 20. Nb5 cxd6 21. Nxd6
Re7 22. g4 hxg4 23. h5 Qf6 24. hxg6 Be6 25. f5 Bxf5 26. Nxf5 Qxf5 27. Bc4+ 1-0

[Event "Druzynowe Mistrzostwa Polski Ekstraliga"]
[Site "Gorzow Wlkp. - Wroclaw - Katowice"]
[Date "1899-12-30"]
[Round "6.16"]
[White "Polok, Kacper"]
[Black "Sabuk, Piotr"]
[Result "0-1"]
[WhiteTitle "FM"]
[BlackTitle "IM"]
[WhiteElo "2280"]
[BlackElo "2368"]

1. e4 e5 2. Nf3 Nc6 3. Nc3 Nf6 4. Bb5 Bb4 5. O-O O-O 6. d3 d6 7. Bg5 Bxc3 8. bxc3
Qe7 9. Re1 Nd8 10. d4 Ne6 11. Bc1 Rd8 12. Ba3 c5 13. Bc4 Qc7 14. Bxe6 Bxe6 15.
d5 Bg4 16. c4 Qa5 17. Qd3 Bxf3 18. Qxf3 a6 19. Re2 b5 20. Bc1 Ne8 21. Qg3 Qa4
22. Qb3 Qxc4 23. Qxc4 bxc4 24. Bd2 Rdb8 25. g3 Nf6 26. Bc3 Nd7 27. f4 f6 28. Rf1
Rb7 29. Kg2 Rab8 30. Rf3 Re8 31. Be1 exf4 32. gxf4 Nb6 33. Ba5 Nxd5 34. Rd2 Nb4
35. Rxd6 Rxe4 36. Bb6 Nxc2 37. Bxc5 Ne1+ 38. Kg3 Nxf3 39. Kxf3 Re8 40. Rxa6 Rc7
41. Be3 c3 0-1

[Event "Druzynowe Mistrzostwa Polski Ekstraliga"]
[Site "Gorzow Wlkp. - Wroclaw - Katowice"]
[Date "1899-12-30"]
[Round "6.17"]
[White "Dubinski, Mateusz"]
[Black "Wieczorek, Zbigniew"]
[Result "1/2-1/2"]
[WhiteTitle "CM"]
[BlackTitle "FM"]
[WhiteElo "2275"]
[BlackElo "2308"]

1. d4 Nf6 2. c4 d6 3. Nc3 g6 4. e4 Bg7 5. f3 O-O 6. Nge2 a6 7. Be3 c6 8. c5 b6
9. cxb6 Qxb6 10. Qd2 Nbd7 11. Na4 Qb8 12. Nec3 Ra7 13. Be2 Rc7 14. O-O Bb7 15.
Rac1 Re8 16. Rfd1 Rcc8 17. Bf1 Bf8 18. b3 e5 19. dxe5 Nxe5 20. Bg5 Ned7 21. Kh1
d5 22. Nb6 Nxb6 23. Bxf6 Nd7 24. Bd4 c5 25. Bf2 d4 26. Bg3 Qa8 27. Bc4 Nb6 28.
Na4 Nxc4 29. Rxc4 Qa7 30. Qg5 Bc6 31. Nb2 Bb5 32. Rc2 a5 33. Be5 Qa6 34. a4 Bd7
35. Nc4 Rc6 36. Qf4 f6 37. Bc7 Be6 38. Qg3 Qb7 39. Bxa5 Qxb3 40. Rdc1 Qxa4 41.
Bd2 d3 42. Rc3 Bxc4 43. Rxc4 Qa2 44. Qf4 Rd8 1/2-1/2

[Event "Druzynowe Mistrzostwa Polski Ekstraliga"]
[Site "Gorzow Wlkp. - Wroclaw - Katowice"]
[Date "1899-12-30"]
[Round "6.18"]
[White "Zemlickova, Olena"]
[Black "Krupa, Monika"]
[Result "1/2-1/2"]
[WhiteTitle "WIM"]
[BlackTitle "WGM"]
[WhiteElo "2066"]
[BlackElo "2230"]

1. d4 Nf6 2. Nf3 e6 3. e3 b6 4. Bd3 Bb7 5. O-O Be7 6. b3 Ne4 7. Nfd2 d5 8. Bb2
Nd7 9. Nc3 Nxc3 10. Bxc3 Bf6 11. Nf3 c5 12. Ne5 O-O 13. f4 g6 14. Bb2 Rc8 15.
a4 Bg7 16. Nxd7 Qxd7 17. Be2 Rc7 18. c3 Rfc8 19. Rc1 Bf8 20. c4 Bg7 21. cxd5 Bxd5
22. Bb5 Bc6 23. Bxc6 Rxc6 24. Rc2 cxd4 25. Rd2 Rd8 26. Qa1 Rd6 27. Rfd1 Qc6 28.
Bxd4 Qe4 29. Qc3 Bxd4 30. Rxd4 Rxd4 31. Rxd4 Rxd4 32. Qxd4 Qb1+ 33. Kf2 Qxb3 34.
Qd8+ Kg7 35. Qd4+ Kg8 36. Qd8+ Kg7 37. Qd4+ Kh6 38. Qd7 Qb2+ 39. Kf3 Kg7 40. Qxa7
Qb3 41. Kf2 Qc2+ 1/2-1/2

[Event "Druzynowe Mistrzostwa Polski Ekstraliga"]
[Site "Gorzow Wlkp. - Wroclaw - Katowice"]
[Date "1899-12-30"]
[Round "6.19"]
[White "Gmaj, Krzysztof"]
[Black "Bartel, Mateusz"]
[Result "0-1"]
[WhiteTitle "k"]
[BlackTitle "GM"]
[WhiteElo "2135"]
[BlackElo "2637"]

1. d4 Nf6 2. Bf4 g6 3. e3 Bg7 4. h3 O-O 5. Nf3 c5 6. c3 b6 7. Be2 Bb7 8. O-O d5
9. Nbd2 Nfd7 10. Bg3 Nc6 11. a4 Re8 12. Re1 Rc8 13. Bd3 e5 14. dxe5 Ndxe5 15.
Nxe5 Bxe5 16. Bxe5 Nxe5 17. Nf3 Nxd3 18. Qxd3 a5 19. Red1 Qf6 20. Nh2 h5 21. Nf3
Re4 22. Nd2 Re5 23. f4 Re7 24. Nf3 d4 25. exd4 Qxf4 26. d5 Re3 27. Qf1 Rce8 28.
c4 Bc8 29. h4 Bf5 30. Ra3 Rxa3 31. bxa3 Qe3+ 32. Qf2 Qxa3 33. Re1 Qxa4 34. Ne5
Qc2 35. d6 Qxf2+ 36. Kxf2 f6 37. Nc6 Rxe1 38. Kxe1 Kf7 39. Ne7 Be4 40. Nc8 Ke6
41. g3 Bc6 42. Kd2 g5 43. Ke3 gxh4 44. gxh4 a4 45. Kd3 Kd7 46. Nxb6+ Kxd6 47.
Nc8+ Kd7 0-1

[Event "Druzynowe Mistrzostwa Polski Ekstraliga"]
[Site "Gorzow Wlkp. - Wroclaw - Katowice"]
[Date "1899-12-30"]
[Round "6.20"]
[White "Mastrovasilis, Dimitrios"]
[Black "Jakubiec, Artur"]
[Result "1/2-1/2"]
[WhiteTitle "GM"]
[BlackTitle "GM"]
[WhiteElo "2580"]
[BlackElo "2500"]

1. e4 c5 2. Nf3 d6 3. Bb5+ Nd7 4. d4 cxd4 5. Qxd4 a6 6. Bxd7+ Bxd7 7. O-O Rc8 8.
Nc3 e5 9. Qd3 h6 10. Nd2 Qc7 11. Rd1 Bg4 12. f3 Be6 13. Nf1 Nf6 14. Ne3 Be7 15.
Kh1 O-O 16. Bd2 Rfe8 17. Rac1 Qb6 18. b3 Qd4 19. Be1 Qxd3 20. Rxd3 b5 21. a4 bxa4
22. Nxa4 Rb8 23. Nb2 Nd7 24. Nbc4 Rec8 25. Ra1 Rc6 26. Na5 Rcc8 27. Nac4 Rc6 28.
Nd5 Bxd5 29. exd5 Rcc8 30. Bf2 f5 31. Rdd1 Rb5 32. Rxa6 Nf6 33. Rxd6 Bxd6 34.
Nxd6 Rxc2 35. Nxb5 Rxf2 36. Nd6 Rb2 37. Kg1 f4 38. Nc4 Rxb3 39. Nxe5 Rb5 40. Ng6
Kf7 41. Nxf4 g5 42. Ne2 Rxd5 43. Ra1 Rd2 44. Ng3 Rb2 45. h3 Nd5 46. Ra7+ Ke6 47.
Ra6+ Ke5 48. Ra5 Ke6 49. Nf1 h5 50. Ra4 h4 51. Re4+ Kf6 52. Rd4 Ke5 53. Re4+ Kf5
54. Rd4 Ke5 55. Rd2 Rxd2 56. Nxd2 Nf4 57. Ne4 Kf5 58. Kh2 Ne6 59. g3 hxg3+ 60.
Kxg3 Nf4 61. Nc3 Nh5+ 62. Kg2 Nf4+ 63. Kh2 Nh5 64. Ne2 Nf6 65. Kg2 Nd5 66. Kg3
Nf6 67. Nd4+ Ke5 68. Nc2 Kf5 69. Ne3+ Kg6 70. Kf2 Nh5 71. Ng2 Kf5 72. Ke3 Ke5
73. h4 gxh4 74. Nxh4 1/2-1/2

[Event "Druzynowe Mistrzostwa Polski Ekstraliga"]
[Site "Gorzow Wlkp. - Wroclaw - Katowice"]
[Date "1899-12-30"]
[Round "6.21"]
[White "Weichhold, Pawel"]
[Black "Sadzikowski, Daniel"]
[Result "1-0"]
[WhiteTitle "IM"]
[BlackTitle "IM"]
[WhiteElo "2428"]
[BlackElo "2548"]

1. e4 c5 2. Nf3 d6 3. d4 cxd4 4. Nxd4 Nf6 5. Nc3 a6 6. Bg5 e6 7. f4 h6 8. Bh4 Qb6
9. Qd2 Qxb2 10. Nb3 Be7 11. Bxf6 Bxf6 12. e5 dxe5 13. Na4 Qa3 14. Nb6 O-O 15.
Nxa8 Rd8 16. Qa5 Qxa5+ 17. Nxa5 exf4 18. Nb3 b5 19. Be2 Bc3+ 20. Kf2 Bxa1 21.
Rxa1 Bb7 22. Nb6 Kf8 23. a4 Rd6 24. a5 e5 25. Nc5 Bc6 26. c4 bxc4 27. Nxc4 Rd5
28. Nd3 f6 29. Nb6 Rb5 30. Nxf4 exf4 31. Bxb5 Bxb5 32. Nd5 Bc4 33. Nxf4 Nc6 34.
Ke3 Kf7 35. Ne2 h5 36. Nd4 Nxd4 37. Kxd4 Bb5 38. Rb1 Be2 39. Re1 Bb5 40. Rb1 Be2
41. Ke3 Bc4 42. Rb4 Bd5 43. Rb6 Bc4 44. Rc6 Bf1 45. Kf2 Bd3 46. Rc3 Be4 47. Rc4
Bd5 48. Rc7+ Kg6 49. g3 Be4 50. Ke3 Bg2 51. Kd4 Bf1 52. Kc5 Kh6 53. Kd6 Kg6 54.
Ra7 Kh6 55. Rb7 Kg6 56. Rc7 Kh6 57. Rc5 Bd3 58. Ke7 Be4 59. Kf7 f5 60. h4 g5 61.
Kf6 gxh4 62. gxh4 Kh7 63. Kg5 Kg7 64. Rc7+ Kf8 65. Kxh5 1-0

[Event "Druzynowe Mistrzostwa Polski Ekstraliga"]
[Site "Gorzow Wlkp. - Wroclaw - Katowice"]
[Date "1899-12-30"]
[Round "6.22"]
[White "Moranda, Wojciech"]
[Black "Tymrakiewicz, Rafal"]
[Result "1-0"]
[WhiteTitle "GM"]
[BlackTitle "FM"]
[WhiteElo "2595"]
[BlackElo "2285"]

1. d4 Nf6 2. c4 g6 3. Nc3 Bg7 4. e4 d6 5. Nf3 O-O 6. Be2 e5 7. Be3 Ng4 8. Bg5 f6
9. Bh4 g5 10. Bg3 Nh6 11. d5 Na6 12. Nd2 Nc5 13. f3 a5 14. Bf2 f5 15. O-O b6 16.
exf5 Nxf5 17. Nde4 Bd7 18. Bd3 Nd4 19. Be3 h6 20. Qd2 Nf5 21. Bf2 Qe8 22. Rae1
Nxd3 23. Qxd3 Qg6 24. Nb5 Rac8 25. a3 Rf7 26. g4 Ne7 27. b4 axb4 28. axb4 Qh7
29. Ra1 Rcf8 30. Bg3 Bxb5 31. cxb5 Ng6 32. Ra7 Nf4 33. Bxf4 Rxf4 34. Kg2 R8f7
35. Qe2 Bf8 36. h3 Qg6 37. Ra3 h5 38. Rc3 hxg4 39. hxg4 Rh7 40. Rh1 Rff7 41. Rxh7
Rxh7 42. Qe3 Be7 43. Rxc7 Qh6 44. Nf2 Qh2+ 45. Kf1 Rf7 46. Ke2 Kf8 47. Qxb6 e4
48. fxe4 Qe5 49. Qe3 Qb2+ 50. Kf1 Qxb4 51. Rc8+ Kg7 52. Qc3+ Qxc3 53. Rxc3 Bf6
54. Rc4 Rb7 55. Rb4 Bc3 56. Rb3 Bd4 57. Nh1 Kf6 58. Ng3 Ke5 59. Rf3 Bc5 60. Rf5+
Kd4 61. Rxg5 Rxb5 62. Rf5 Ke3 63. Kg2 Rb2+ 64. Kh3 Bd4 65. g5 Be5 66. g6 Rb8 67.
Kg4 Rg8 68. Rxe5 dxe5 69. Kf5 Kd4 70. Nh5 Kc5 71. g7 Kd6 72. Nf6 1-0

[Event "Druzynowe Mistrzostwa Polski Ekstraliga"]
[Site "Gorzow Wlkp. - Wroclaw - Katowice"]
[Date "1899-12-30"]
[Round "6.23"]
[White "Pierzak, Rafael"]
[Black "Wieczorek, Oskar"]
[Result "0-1"]
[WhiteTitle "k+"]
[BlackTitle "IM"]
[WhiteElo "2092"]
[BlackElo "2458"]

1. d4 Nf6 2. Nf3 d6 3. Bf4 g6 4. e3 Bg7 5. Be2 Nh5 6. Bg5 h6 7. Bh4 g5 8. Bg3 e6
9. Nfd2 Nxg3 10. hxg3 Nc6 11. c3 Bd7 12. Ne4 Qe7 13. g4 O-O-O 14. Nbd2 Rhf8 15.
Qc2 f5 16. Ng3 d5 17. Rf1 f4 18. Nh5 e5 19. Nxg7 Qxg7 20. O-O-O Rde8 21. Nb3 fxe3
22. fxe3 Qe7 23. Bf3 e4 24. Be2 Qd6 25. Nc5 Rxf1 26. Rxf1 Qg3 27. Qd2 Bxg4 28.
Bxg4+ Qxg4 29. Qf2 Nd8 30. Kd2 b6 31. Nb3 Ne6 32. Qe2 Qxe2+ 33. Kxe2 Rf8 34. Rh1
Rf6 35. Nd2 Kd7 36. c4 c6 37. b3 Ng7 38. Nf1 h5 0-1

[Event "Druzynowe Mistrzostwa Polski Ekstraliga"]
[Site "Gorzow Wlkp. - Wroclaw - Katowice"]
[Date "1899-12-30"]
[Round "6.24"]
[White "Zawadzka, Jolanta"]
[Black "Kubicka, Anna"]
[Result "1-0"]
[WhiteTitle "WGM"]
[BlackTitle "m"]
[WhiteElo "2419"]
[BlackElo "2190"]

1. e4 c5 2. Nf3 d6 3. d4 cxd4 4. Nxd4 Nf6 5. Nc3 a6 6. Be2 e5 7. Nb3 Be7 8. O-O
O-O 9. Bf3 Qc7 10. a4 Be6 11. Re1 Nbd7 12. Nd2 Qc5 13. Nf1 Bd8 14. Be3 Qc6 15.
a5 b5 16. Qd2 Rc8 17. Red1 Be7 18. Ng3 g6 19. Bh6 Rfe8 20. Nf5 Bxf5 21. exf5 e4
22. Be2 Qc5 23. fxg6 hxg6 24. Bg5 Qf5 25. h4 Ne5 26. Qf4 Qxf4 27. Bxf4 Rc5 28.
Be3 Rcc8 29. Bg5 Nc4 30. Bxc4 Rxc4 31. Rd2 Kg7 32. Nd1 d5 33. Ne3 Rc6 34. c3 b4
35. cxb4 Bxb4 36. Bxf6+ Rxf6 37. Rxd5 Rb8 38. Rc1 Re6 39. g3 Rb5 40. Rxb5 axb5
41. Nd5 Bxa5 42. Rc5 Bb6 43. Rxb5 e3 44. fxe3 Bxe3+ 45. Kg2 Bd4 46. Kf3 Re1 47.
Rb7 Rf1+ 48. Kg4 Kh6 49. Nf4 f5+ 50. Kh3 Rh1+ 51. Kg2 Rg1+ 52. Kh2 Rb1 53. b3
Rb2+ 54. Kh3 Be3 55. Nd3 Rd2 56. Ne5 g5 57. hxg5+ Bxg5 58. Rb6+ Kh5 59. Rb5 Re2
60. Nf3 Kg6 61. Rxf5 Kxf5 62. Nd4+ Ke4 63. Nxe2 Kd3 64. Kg4 Bd2 65. Kf3 Bg5 66.
g4 Kc2 67. b4 Kd3 68. b5 Bd8 69. Nf4+ Kc4 70. Ne6 Ba5 71. g5 Kxb5 72. Nd4+ Kc4
73. g6 Bc3 74. g7 1-0

[Event "Druzynowe Mistrzostwa Polski Ekstraliga"]
[Site "Gorzow Wlkp. - Wroclaw - Katowice"]
[Date "1899-12-30"]
[Round "6.25"]
[White "Kryvoruchko, Yuriy"]
[Black "Klekowski, Maciej"]
[Result "0-1"]
[WhiteTitle "GM"]
[BlackTitle "IM"]
[WhiteElo "2714"]
[BlackElo "2473"]

1. d4 Nf6 2. c4 e6 3. Nc3 Bb4 4. e3 O-O 5. Bd3 d5 6. a3 Bxc3+ 7. bxc3 c5 8. cxd5
exd5 9. Ne2 b6 10. O-O Ba6 11. f3 Re8 12. Ng3 Bxd3 13. Qxd3 Nc6 14. Bb2 c4 15.
Qd2 b5 16. Rae1 a5 17. Qf2 b4 18. e4 bxc3 19. Bxc3 Rb8 20. e5 Nd7 21. f4 Rb3 22.
Re3 Nc5 23. f5 Nd3 24. Rxd3 cxd3 25. f6 Rxc3 26. fxg7 Qd7 27. Nh5 Re6 28. h3 Qa7
29. Nf6+ Rxf6 30. Qxf6 Qe7 31. Qf3 Nxd4 32. Qxd5 Ne6 33. Kh2 Qc7 34. Rf3 d2 0-1

[Event "Druzynowe Mistrzostwa Polski Ekstraliga"]
[Site "Gorzow Wlkp. - Wroclaw - Katowice"]
[Date "1899-12-30"]
[Round "6.27"]
[White "Krasenkow, Michal"]
[Black "Leniart, Arkadiusz"]
[Result "1-0"]
[WhiteTitle "GM"]
[BlackTitle "IM"]
[WhiteElo "2627"]
[BlackElo "2479"]

1. d4 Nf6 2. c4 e6 3. Nc3 Bb4 4. Nf3 O-O 5. e3 d5 6. Bd2 Bxc3 7. Bxc3 Ne4 8. Qc2
Nxc3 9. Qxc3 c6 10. Bd3 dxc4 11. Qxc4 Qa5+ 12. b4 Qh5 13. O-O Nd7 14. Rfc1 a6
15. e4 e5 16. d5 cxd5 17. Qxd5 Re8 18. Rxc8 Raxc8 19. Qxd7 Rcd8 20. Qa4 Re6 21.
Bc4 b5 22. Qa5 Red6 23. Bd5 Kh8 24. Rc1 f6 25. Qc7 Qe8 26. h3 Qd7 27. Qc5 g6 28.
Nh2 Kg7 29. Qe3 h5 30. Rc5 Qe7 31. Qc3 Kh6 32. Nf3 Kg7 33. Nh4 Kh7 34. Kh2 R8d7
35. Qc1 Kg7 36. Rc3 Rxd5 37. exd5 Qxb4 38. Rc7 Rxc7 39. Qxc7+ Kh6 40. d6 Qxh4
41. d7 Qxf2 42. Qc1+ 1-0

[Event "Druzynowe Mistrzostwa Polski Ekstraliga"]
[Site "Gorzow Wlkp. - Wroclaw - Katowice"]
[Date "1899-12-30"]
[Round "6.28"]
[White "Mikrut, Dariusz"]
[Black "Heberla, Bartlomiej"]
[Result "0-1"]
[WhiteTitle "IM"]
[BlackTitle "GM"]
[WhiteElo "2406"]
[BlackElo "2580"]

1. d4 Nf6 2. c4 e6 3. Nf3 d5 4. Nc3 a6 5. cxd5 exd5 6. Qc2 Be6 7. Bg5 Nbd7 8. e3
h6 9. Bh4 g5 10. Bg3 Nh5 11. Bd3 Nxg3 12. hxg3 Bg7 13. Bf5 Qf6 14. g4 O-O-O 15.
Rc1 c6 16. Ne2 Bf8 17. Ng3 Bb4+ 18. Nd2 Bd6 19. Ndf1 Kb8 20. Nh5 Qe7 21. Nd2 Rc8
22. O-O Nf6 23. Nxf6 Qxf6 24. g3 h5 25. Bxe6 fxe6 26. gxh5 Rxh5 27. Kg2 Rch8 0-1

[Event "Druzynowe Mistrzostwa Polski Ekstraliga"]
[Site "Gorzow Wlkp. - Wroclaw - Katowice"]
[Date "1899-12-30"]
[Round "6.29"]
[White "Kanarek, Marcel"]
[Black "Barski, Radoslaw"]
[Result "1/2-1/2"]
[WhiteTitle "GM"]
[BlackTitle "k++"]
[WhiteElo "2519"]
[BlackElo "2412"]

1. Nf3 Nf6 2. c4 g6 3. Nc3 Bg7 4. e4 d6 5. d4 O-O 6. h3 e5 7. d5 a5 8. Bg5 Na6
9. Nd2 Qe8 10. Be2 Nd7 11. a3 f6 12. Bh4 Nb6 13. b3 Bd7 14. Rb1 f5 15. Qc2 Nc5
16. O-O Bh6 17. b4 axb4 18. axb4 Nca4 19. Nd1 c5 20. bxc5 dxc5 21. f3 Ra7 22.
Bf2 Qe7 23. Nb3 Nc8 24. Ra1 b6 25. Nb2 Nxb2 26. Rxa7 Nxa7 27. Qxb2 Bf4 28. Nc1
fxe4 29. fxe4 Bxh3 30. gxh3 Qg5+ 31. Kh1 Bxc1 32. Qxc1 Qxc1 33. Rxc1 Rxf2 34.
Bg4 Kf8 35. Rb1 Rf6 36. Ra1 Rf7 37. d6 Rb7 38. Be6 Ke8 39. Rf1 Rg7 40. d7+ Ke7
41. Rb1 Nc6 42. Rxb6 Nd8 43. Kg2 Nxe6 44. Rxe6+ Kxd7 45. Rxe5 Re7 46. Rd5+ Kc6
47. Kf3 Rf7+ 48. Kg4 h6 49. h4 Re7 50. Kf4 Rf7+ 51. Ke5 Re7+ 52. Kf4 Rf7+ 53.
Ke5 Re7+ 1/2-1/2

[Event "Druzynowe Mistrzostwa Polski Ekstraliga"]
[Site "Gorzow Wlkp. - Wroclaw - Katowice"]
[Date "1899-12-30"]
[Round "6.30"]
[White "Leks, Maria"]
[Black "Zawadzka, Beata"]
[Result "0-1"]
[WhiteTitle "WCM"]
[BlackTitle "WGM"]
[WhiteElo "2129"]
[BlackElo "2324"]

1. e4 d6 2. d4 Nf6 3. Nc3 g6 4. f4 Bg7 5. Nf3 O-O 6. Bd3 Na6 7. a3 c5 8. d5 Rb8
9. O-O Nc7 10. a4 e6 11. Bc4 exd5 12. exd5 b6 13. Nb5 a6 14. Nxc7 Qxc7 15. Be2
b5 16. c4 bxc4 17. Bxc4 Rb4 18. b3 Nxd5 19. Bd2 Nc3 20. Bxc3 Bxc3 21. Rc1 Bf6
22. Qe2 Bb7 23. Rfd1 Rd8 24. Bxa6 Bxa6 25. Qxa6 Rxb3 26. Nd2 Bd4+ 27. Kh1 Rb2
28. Nc4 Ra2 29. Qb6 Qd7 30. a5 Rxg2 31. Qxd8+ Qxd8 32. Kxg2 Qa8+ 33. Kg3 d5 34.
Nb6 Qxa5 35. Nxd5 Qa3+ 36. Kg2 Qa2+ 0-1

[Event "Druzynowe Mistrzostwa Polski Ekstraliga"]
[Site "Gorzow Wlkp. - Wroclaw - Katowice"]
[Date "1899-12-30"]
[Round "7.1"]
[White "Klekowski, Maciej"]
[Black "Mista, Aleksander"]
[Result "1/2-1/2"]
[WhiteTitle "IM"]
[BlackTitle "GM"]
[WhiteElo "2473"]
[BlackElo "2606"]

1. c4 Nf6 2. Nc3 e6 3. d4 Bb4 4. e3 O-O 5. Bd3 d5 6. Nf3 c5 7. a3 Bxc3+ 8. bxc3
dxc4 9. Bxc4 Qc7 10. Be2 b6 11. Ne5 Bb7 12. O-O Nbd7 13. Nxd7 Nxd7 14. a4 Rad8
15. Qb3 e5 16. d5 e4 17. c4 Ne5 18. Bb2 Rfe8 19. Qc3 f6 20. Qc2 Bc8 21. h3 Bf5
22. a5 Rd6 23. axb6 axb6 24. Bxe5 Rxe5 25. Ra8+ Kf7 26. Rfa1 Re7 27. Qb2 Bc8 28.
Bh5+ g6 29. Bg4 Bxg4 30. hxg4 g5 31. Qb5 Qd7 32. Qxd7 Rdxd7 33. Rb1 Ra7 34. Rh8
Kg7 35. Rc8 Reb7 36. Rc6 Kg6 37. Re6 Ra4 38. d6 Rxc4 39. d7 Rxd7 40. Rbxb6 Rf7
41. Rbc6 Kg7 42. Kh2 Rc2 43. Kg3 f5 44. gxf5 Rxf5 45. Rxe4 Rfxf2 46. Re7+ Rf7
47. Re5 h6 48. Rcxc5 Rxc5 1/2-1/2

[Event "Druzynowe Mistrzostwa Polski Ekstraliga"]
[Site "Gorzow Wlkp. - Wroclaw - Katowice"]
[Date "1899-12-30"]
[Round "7.2"]
[White "Kempinski, Robert"]
[Black "Matuszewski, Michal"]
[Result "0-1"]
[WhiteTitle "GM"]
[BlackTitle "IM"]
[WhiteElo "2586"]
[BlackElo "2485"]

1. c4 c6 2. e4 d5 3. exd5 cxd5 4. cxd5 Nf6 5. Qa4+ Nbd7 6. Nc3 g6 7. Bc4 Bg7 8.
d3 O-O 9. Nf3 a6 10. Qa3 Nb6 11. Qb3 Bg4 12. Ne5 Qc7 13. Be3 Nxc4 14. Nxc4 Bf5
15. Bb6 Qd7 16. Ne5 Qd6 17. Nc4 Qd7 18. Ne3 Rfe8 19. O-O Bxd3 20. Rfd1 Bf5 21.
Na4 Rac8 22. Bd4 Rcd8 23. Nc5 Qc7 24. Qxb7 Nxd5 25. Nxf5 gxf5 26. Qxc7 Nxc7 27.
Bxg7 Kxg7 28. Kf1 a5 29. Nb3 Rxd1+ 30. Rxd1 Rb8 31. Rd4 Ne6 32. Rc4 Kf6 33. f4
Ra8 34. Nc1 h5 35. Nd3 h4 36. Ke2 a4 37. Kd2 a3 38. b4 Rg8 39. Ne1 Rd8+ 40. Ke3
Rd1 41. Nc2 Rg1 42. Kf2 Rd1 43. Ke2 Rg1 44. Ne3 Rb1 45. Nd5+ Kg7 46. Nc3 Rb2+
47. Kf3 Rc2 48. b5 Nd4+ 49. Rxd4 Rxc3+ 50. Ke2 Rc2+ 51. Kf3 Rxa2 52. Ra4 Ra1 53.
b6 a2 54. b7 Rb1 55. Rxa2 Rb3+ 56. Kf2 Rxb7 57. h3 Rb4 58. Kf3 f6 59. Ra7 Kf7
60. Ra5 Kg6 61. Rc5 Re4 62. Rc6 Rd4 63. Ra6 Rb4 64. Ra5 Rb3+ 65. Kf2 Rb8 66. Kf3
e6 67. Ra6 Re8 68. Rb6 Re7 69. Ra6 Kg7 70. Ra4 Rd7 71. Rb4 Kf7 72. Ra4 Ke7 73.
Ke3 Rc7 74. Rd4 Rc1 75. Kf2 Rc3 76. Ke2 Rc2+ 77. Kf3 Ra2 78. Rb4 Kd6 79. Rb6+
Kd5 80. Rb5+ Kc6 81. Rb8 e5 82. Rf8 Kd5 83. Rxf6 e4+ 84. Ke3 Ra3+ 85. Kf2 Rc3
86. Rxf5+ Kd4 87. Rf8 Rc2+ 88. Kf1 Ke3 89. Kg1 Rc1+ 90. Kh2 Kf2 91. f5 e3 92.
f6 e2 93. Re8 e1=Q 94. Rxe1 Kxe1 95. g4 Rc2+ 96. Kh1 Rf2 0-1